History Quiz

Random History or Politics Quiz

On Each Day of July Quiz Stats

 Plays Quiz Updated Jul 27, 2017

Support Sporcle.
Go Orange.
Score 0/31 Timer 10:00
2 Plays Today
% Correct
Spain
91.4%
Thomas Jefferson and John Adams
86.6%
Islam
84.8%
France
84.3%
Steam Engine
82.9%
Emperor
82.1%
Inca
77%
Fidel Castro
77%
Sri Lanka
76.5%
Scotland
74.8%
Japan
72.7%
Henry VIII
72.3%
Québec
71.5%
Jerusalem
71.3%
Billy The Kid
71.3%
Gaza Strip
69.6%
% Correct
Mexico
69.1%
Alexander Hamilton
66.6%
Canada
65.5%
Windsor
61.3%
Montenegro
60.9%
Union Army
58.2%
Saint Basil's Cathedral
53.6%
Horatio Nelson
50.6%
Byzantine Empire
45.4%
Artemis
44.8%
Lady Jane Grey
43.6%
Naples
42.3%
La Paz
33.4%
Vidkun Quisling
31.8%
Pompey
20.6%

You're not logged in!

Compare scores with friends on all Sporcle quizzes.
OR
Log In
Forgot?

From the Vault

Remove Ads.
Support Sporcle.
Get the best of Sporcle when you Go Orange. This ad-free experience offers more features, more stats, and more fun while also helping to support Sporcle. Thank you for becoming a member.

Show Comments

Extras

Top Quizzes Today


Score Distribution

Your Account Isn't Verified!

In order to create a playlist on Sporcle, you need to verify the email address you used during registration. Go to your Sporcle Settings to finish the process.

Report this User

Report this user for behavior that violates our Community Guidelines.

Details: